Kontroly v systémy podvojného účtovníctva
Autorka podrobne popisuje kontrolu správnosti účtovníctva samotnou účtovnou jednotkou, čiže kontrolu zo strany účtovníkov a ostatných pracovníkov zodpovedných za vedenie účtovníctva. Upozorňuje na to, čo všetko by malo byť predmetom kontroly.
Saved in:
| Main Author: | |
|---|---|
| Format: | Book Chapter |
| Language: | Slovak |
| Subjects: | |
| Tags: |
No Tags, Be the first to tag this record!
|
MARC
| LEADER | 00000naa a2200000 4500 | ||
|---|---|---|---|
| 001 | 0236553 | ||
| 005 | 20220805075325.4 | ||
| 041 | 0 | |a slo | |
| 044 | |a SK | ||
| 245 | 1 | 0 | |a Kontroly v systémy podvojného účtovníctva |c Viera Bartošová |
| 520 | |a Autorka podrobne popisuje kontrolu správnosti účtovníctva samotnou účtovnou jednotkou, čiže kontrolu zo strany účtovníkov a ostatných pracovníkov zodpovedných za vedenie účtovníctva. Upozorňuje na to, čo všetko by malo byť predmetom kontroly. | ||
| 610 | 2 | 0 | |a jednotka účtovná |
| 610 | 2 | 0 | |a účtovníctvo podvojné |
| 610 | 2 | 0 | |a kontrola |
| 610 | 2 | 0 | |a kontrola vnútropodniková |
| 610 | 2 | 0 | |a metodika |
| 100 | 1 | |a Bartošová, Viera | |